[Event "LTU-ch"]
[White "Koliasnikovas, Aironas"]
[Black "Boyajyan, David"]
[Site "Kaunas"]
[Round "8"]
[Result "0-1"]
[Date "2018.03.07"]
[WhiteElo "1743"]
[BlackElo "1674"]
[PlyCount "72"]
[EventDate "2018.03.02"]
[EventType "swiss"]
[EventRounds "9"]
[EventCountry "LTU"]
[SourceTitle "CBM 183 Extra"]
[Source "ChessBase"]
[SourceDate "2018.04.19"]
[SourceVersion "1"]
[SourceVersionDate "2018.04.19"]
[SourceQuality "1"]

1. d4 e6 2. c4 Bb4+ 3. Bd2 Qe7 4. a3 Bxd2+ 5. Qxd2 d6 6. Nc3 Nf6 7. Qc2 e5 8. d5 0-0 9. e4 c5 10. h3 Nh5 11. g4 Nf4 12. Nge2 Nxe2 13. Bxe2 a6 14. Bd3 Qg5 15. Ne2 Bd7 16. Qb3 b5 17. cxb5 axb5 18. Bxb5 Bxb5 19. Qxb5 Na6 20. Qc6 Nb4 21. h4 Qxg4 22. Qxd6 Nc2+ 23. Kd2 Nxa1 24. Rxa1 Qxe4 25. Nc3 Qf4+ 26. Ke2 Rab8 27. Rb1 Qc4+ 28. Kd2 e4 29. Qf4 Qd3+ 30. Ke1 Rfe8 31. Rd1 Qh3 32. Rd2 Qh1+ 33. Ke2 Qc1 34. Nd1 Rb3 35. Qg5 Qc4+ 36. Ke1 e3 0-1

[Event "LTU-chT"]
[White "Boyajyan, David"]
[Black "Grybas, Gintaras"]
[Site "Lithuania"]
[Round "2.2"]
[Result "1-0"]
[Date "2018.01.28"]
[WhiteElo "1768"]
[BlackElo "2034"]
[PlyCount "62"]
[EventDate "2018.01.27"]
[EventType "team-swiss"]
[EventRounds "7"]
[EventCountry "LTU"]
[SourceTitle "EXT 2019"]
[Source "ChessBase"]
[SourceDate "2018.10.10"]
[SourceVersion "1"]
[SourceVersionDate "2018.10.10"]
[SourceQuality "1"]
[WhiteTeam "Kaunas Mirazas"]
[BlackTeam "Vilnius LASF"]
[WhiteTeamCountry "LTU"]
[BlackTeamCountry "LTU"]

1. d4 d5 2. c4 e6 3. Nc3 Nf6 4. cxd5 exd5 5. Bg5 Be7 6. e3 c6 7. Bd3 Bg4 8. Qc2 Nbd7 9. Nge2 Bh5 10. h3 Bg6 11. Bxg6 hxg6 12. Nf4 0-0 13. 0-0-0 b5 14. Kb1 Nb6 15. Bxf6 Bxf6 16. Nce2 Nc4 17. h4 Qe7 18. h5 g5 19. Nd3 Qd6 20. Rde1 Rfc8 21. Ng3 c5 22. Nf5 Qd7 23. Nxc5 Rxc5 24. dxc5 Bxb2 25. Qd3 b4 26. Rd1 Qa4 27. Ne7+ Kf8 28. Nxd5 Qa6 29. Nc7 Na3+ 30. Kxb2 Qf6+ 31. Kc1 Rc8 1-0

[Event "Panevezys Gigant op-A"]
[White "Boyajyan, David"]
[Black "Zebelis, Rimantas"]
[Site "Panevezys"]
[Round "7"]
[Result "1/2-1/2"]
[Date "2017.08.23"]
[WhiteElo "1619"]
[BlackElo "1740"]
[PlyCount "53"]
[EventDate "2017.08.19"]
[EventType "swiss"]
[EventRounds "9"]
[EventCountry "LTU"]
[SourceTitle "EXT 2019"]
[Source "ChessBase"]
[SourceDate "2018.10.10"]
[SourceVersion "1"]
[SourceVersionDate "2018.10.10"]
[SourceQuality "1"]

1. d4 d6 2. e4 g6 3. Ne2 Bg7 4. g3 Nd7 5. Bg2 e5 6. Be3 Ne7 7. Nbc3 a6 8. Qd2 h6 9. f4 c6 10. 0-0 Qc7 11. Rf2 c5 12. dxe5 dxe5 13. Nd5 Nxd5 14. exd5 0-0 15. fxe5 Nxe5 16. Bf4 g5 17. Bxe5 Bxe5 18. c4 Bd7 19. Rd1 Qd6 20. Kh1 Bg4 21. Rdf1 b5 22. Nc3 f5 23. Bf3 Bh3 24. Bg2 Bg4 25. Bf3 b4 26. Ne2 Bh3 27. Bg2 1/2-1/2